<?xml version="1.0" encoding="UTF-8"?>
<record
    xmlns:xsi="http://www.w3.org/2001/XMLSchema-instance"
    xsi:schemaLocation="http://www.loc.gov/MARC21/slim http://www.loc.gov/standards/marcxml/schema/MARC21slim.xsd"
    xmlns="http://www.loc.gov/MARC21/slim">

  <leader>01003aab a2200205 i 4500</leader>
  <controlfield tag="001">768714001</controlfield>
  <controlfield tag="003">CO-MdFUSB</controlfield>
  <controlfield tag="005">20250726121557.0</controlfield>
  <controlfield tag="008">240326t1992    ag ||||| |||| 00| 0 spa d</controlfield>
  <datafield tag="040" ind1=" " ind2=" ">
    <subfield code="b">spa</subfield>
    <subfield code="c">CO-MdFUSB</subfield>
  </datafield>
  <datafield tag="041" ind1=" " ind2=" ">
    <subfield code="a">spa</subfield>
  </datafield>
  <datafield tag="100" ind1="1" ind2=" ">
    <subfield code="a">Rooy, Sidney</subfield>
    <subfield code="e">autor</subfield>
  </datafield>
  <datafield tag="245" ind1="1" ind2="3">
    <subfield code="a">La llegada de los hugonotes a Florida (parte I)</subfield>
    <subfield code="c">/ Sidney Rooy </subfield>
  </datafield>
  <datafield tag="300" ind1=" " ind2=" ">
    <subfield code="a">Volumen 11, n&#xFA;mero 3 (julio - septiembre, 1992), p&#xE1;ginas: 26 - 28</subfield>
    <subfield code="c">; 27 cm</subfield>
  </datafield>
  <datafield tag="520" ind1=" " ind2=" ">
    <subfield code="a">un Informe enviado desde M&#xE9;xico al Rey Felipe II rezaba: "puesto que son luteranos... no es necesario dejar a nadie con vida, sino imponerles un castigo ejemplar, que puedan recordarlo por siempre"
Se denominan "hugonotes" a los protestantes franceses que eran seguidores de Juan Calvino, el reformador franc&#xE9;s exiliado por su fe en Ginebra. </subfield>
  </datafield>
  <datafield tag="653" ind1=" " ind2=" ">
    <subfield code="a">Hugonote</subfield>
  </datafield>
  <datafield tag="773" ind1="0" ind2=" ">
    <subfield code="t">Iglesia y Misi&#xF3;n</subfield>
    <subfield code="0">49402</subfield>
    <subfield code="9">59656</subfield>
    <subfield code="g">Volumen 11, n&#xFA;mero 3 (julio - septiembre, 1992), p&#xE1;ginas: 26 - 28</subfield>
    <subfield code="q">p&#xE1;ginas: 26</subfield>
  </datafield>
  <datafield tag="942" ind1=" " ind2=" ">
    <subfield code="c">ANA</subfield>
  </datafield>
  <datafield tag="945" ind1=" " ind2=" ">
    <subfield code="a">JTF-925</subfield>
  </datafield>
  <datafield tag="999" ind1=" " ind2=" ">
    <subfield code="c">51971</subfield>
    <subfield code="d">51971</subfield>
  </datafield>
</record>
